LEADER 01389nam a2200289 i 4500 001 000000145283 003 CaOOAMICUS 005 20220920095734.0 008 051122s1978 it u000 u ita u 013 $a120675 040 $aSeMil$bita 100 1 $aLa Penna, Antonio,$d<1925- >.$0(OLS)http://semarc/name/5233 245 10$aAspetti del pensiero storico latino :$bcon due scritti sulla scuola classica : politica e cultura in Roma antica e nella tradizione classica moderna : serie prima /$cAntonio La Penna. 260 $aTorino :$bEinaudi,$ccopyr. 1978. 300 $aXII, 287 p. ;$c18 cm. 490 0 $aPiccola biblioteca Einaudi ;$v354 500 $aFondo Ciprandi. 650 4$aStoria - Teorie - Roma antica.$0(OLS)http://semarc/subject/28432 650 4$aStoriografia latina.$0(OLS)http://semarc/subject/28433 830 0$aPiccola biblioteca Einaudi ;$v354.$0(OLS)http://semarc/title/11221 850 $aSeMil 852 $aSeMil$W1$xVenegono$y1$m3S I 347$j237616$B98096$CSeMilBibl$Z2$F105997 $81 941 1 $a1 961 $aOmaggio: Ciprandi dott. Paolo 996 $6245$aAspetti del pensiero storico latino :$bcon due scritti sulla scuola classica : politica e cultura in Roma antica e nella tradizione classica moderna : serie prima$9(OLS)http://semarc/title/212507 996 $6260$aTorino :$bEinaudi$9(OLS)http://semarc/publisher/29884 LEADER 00769nam a2200193 i 4500 001 000000228611 003 CaOOAMICUS 005 20140404000000.0 008 140404s1824 it u000 u ita u 013 $a207513 026 $al-he e,di reue loil (7) 1824 (A) 040 $aSeMil$bita 245 10$aVol. 23. 300 $a384, [1] p., [1] carta di tav. 773 0 $aOrsi, Giuseppe Agostino $tStoria ecclesiastica del cardinale Giuseppe Agostino Orsi accademico della Crusca.$dVenezia : Presso Giuseppe Battaggia : co' tipi di G. Picotti, 1822-1826.$g23$w()29661 850 $aSeMil 852 $aSeMil$W1$xVenegono$y1$m3A I 108 FA$j178957$B178957$CSeMilBibl$Z2$F190016 $8I 961 $aRecupero: Altro 996 $6245$aVol. 23$9(OLS)http://semarc/title/306898